00412nam a22001337a 4500003000600000005001700006008004100023040000800064082001800072245009500090250003800185260004400223650001100267GBCCL20241126110642.0190204b ||||| |||| 00| 0 eng d cgbc a220.5203bBIB aThe Holy Bible containing the Old and New Testaments in the Authorized King James Version afamily altar edition , red letter aNashville :bcrusade bible publishers,  aBible